Non-Country Flag Emoji Quiz - Statistics

General Stats
  • This quiz has been taken 16 times
  • The average score is 33 of 48
Answer Stats
Picture Answer % Correct
Antarctica
100%
American Samoa
89%
Aruba
89%
Cook Islands
89%
Curaçao
89%
Faroe Islands
89%
Greenland
89%
Hong Kong
89%
Macau
89%
Åland Islands
78%
Anguilla
78%
Bermuda
78%
British Virgin Islands
78%
Cayman Islands
78%
Falkland Islands
78%
French Polynesia
78%
Guam
78%
Guernsey
78%
Isle of Man
78%
Jersey
78%
Mayotte
78%
New Caledonia
78%
Niue
78%
Puerto Rico
78%
U.S. Virgin Islands
78%
British Indian Ocean Territory
67%
Christmas Island
67%
French Guiana
67%
Gibraltar
67%
Guadeloupe
67%
Northern Mariana Islands
67%
Réunion
67%
Saint Pierre and Miquelon
67%
South Georgia and the Sandwich Islands
67%
Turks and Caicos
67%
Bonaire
56%
Cocos (Keeling) Islands
56%
Martinique
56%
Norfolk Island
56%
Saint Helena, Ascension and Tristan da Cunha
56%
Wallis and Futuna
56%
Western Sahara
56%
French Southern and Antarctic Lands
44%
Montserrat
44%
Saint Barthélemy
44%
Canary Islands
33%
Pitcairn Islands
33%
Tokelau
33%
No matching quizzes found
Score Distribution
Percent of People with Each Score
Percentile by Number Answered
Your Score History
You have not taken this quiz